Potential health effects of climatic change : report of a WHO task group.
Αποθηκεύτηκε σε:
| Συγγραφή απο Οργανισμό/Αρχή: | |
|---|---|
| Μορφή: | Βιβλίο |
| Γλώσσα: | English |
| Δημοσίευση: |
Geneva :
World Health Organizaton,
1990.
|
| Θέματα: | |
| Ετικέτες: |
Προσθήκη ετικέτας
Δεν υπάρχουν, Καταχωρήστε ετικέτα πρώτοι!
|
MARC
| LEADER | 00000cam a2200000 i 4500 | ||
|---|---|---|---|
| 001 | 1/1448 | ||
| 008 | 950711s1990 sz | ||| |||| ||eng|| | ||
| 035 | |l 10014443 | ||
| 040 | |a GR-MyUa |b gre |e AACR2 | ||
| 041 | 0 | |a eng | |
| 082 | 7 | |a 616.988 |2 (22) | |
| 110 | 2 | |a World Health Organization. | |
| 245 | 1 | 0 | |a Potential health effects of climatic change : |b report of a WHO task group. |
| 260 | |a Geneva : |b World Health Organizaton, |c 1990. | ||
| 300 | |a 58 σ. ; |c 24 εκ. | ||
| 500 | |a This report contains the collective views of an international group of experts and does not necessarily represent the decisions or the stated policy of the World Health Organization. | ||
| 650 | 0 | 0 | |a Environmental health. |
| 650 | 0 | 0 | |a Climatic changes |x Health aspects. |
| 650 | 0 | 0 | |a Climatic changes |x Environmental aspects. |
| 852 | |a INST |b LESVOS |e 19950711 |h 616.988 WOR |p 005100007737 |q 005100007737 |t BK |y 0 | ||
| 970 | |z 2000/05/ΟΙΚΟΝΟΜΟΠΟΥΛΟΥ ΧΡΙΣΤΙΝΑ | ||